000 00220nam a2200085Ia 4500
008 120527s9999 xx 000 0 und d
100 _aMcEarchern, A.W
245 _aMacro Economics: A Contemporary introduction
942 _cBK
999 _c27209
_d27209